| 000 | 01130cam a2200337 i 4500 | ||
|---|---|---|---|
| 001 | 768714001 | ||
| 003 | CO-MdFUSB | ||
| 005 | 20230525103732.0 | ||
| 007 | ta | ||
| 008 | 161025t2000 xxu||||g |||| 00| | eng d | ||
| 020 | _a0-8028-3829-4 | ||
| 040 |
_aCO-MdFUSB _bEspañol _cCO-MdFUSB _dCO-MdFUSB _erda |
||
| 041 | _aeng | ||
| 082 |
_223 _a227.86 _bB284l |
||
| 100 | 1 |
_aBarth, Markus _eautor |
|
| 245 | 0 | 4 |
_aThe letter to Philemon _c / Markus Barth, Helmut Blanke |
| 264 | 1 |
_aGrand Rapids, Michigan : _bWilliam B. Eerdmans Publishing, _c[2000] |
|
| 264 | 4 | _c© 2000 | |
| 300 |
_a561 páginas _c; 21 cm |
||
| 336 |
_2rdacontent _atexto _btxt |
||
| 337 |
_2rdamedia _asin mediación _bn |
||
| 338 |
_2rdacarrier _avolumen _bnc |
||
| 490 | 4 | _aThe Eerdmans Critical Commentary | |
| 505 | _aEl origen social: La esclavitud en la época de Pablo - Temas literarios, biográficos y contextuales - Comentario sobre Filemón | ||
| 563 | _aPasta dura | ||
| 630 | 7 |
_aBiblia. _pFilemón _xCrítica, interpretación, etc. |
|
| 700 | 1 |
_aBlanke, Helmut _eautor _9667 |
|
| 942 | _cREF | ||
| 945 | _aMAg 1104 | ||
| 999 |
_c46697 _d46697 |
||